00624 2200169 4500001002100000005001500021035002000036007000300056008003900059082000700098084001300105100002200118245022000140260004600360650003400406990001400440INLIS00000000000988120260413021748 a0010-0426000214ta260413 | | |  a81 a81 SWA k0 aSWASTIKA INDRIATI1 aKINERJA PEJABAT PENGELOLA INFORMASI DAN DOKUMENTASI (PPID) DALAM IMPLEMENTASI KEBIJAKAN KETERBUKAAN INFORMASI PUBLIK PADA DINAS KOMUNIKASI DAN INFORMATIKA KABUPATEN KOTAWARINGIN TIMUR TAHUN 2024 /cSWASTIKA INDRIATI aPALANGKA RAYA :bPERPUSTAKAAN UMPR,c2026 4aIMPLEMENTASI KEBIJAKAN PUBLIK a238101112